000 01726nam a2200217Ia 4500
003 Ost
005 20260507075306.0
008 260507s9999||||xx |||||||||||||| ||und||
020 _a9789957493646
040 _cfsecg
041 _aara
082 _a330
100 _aالشرقاوي، مسعد محمود
_eمؤلف
245 0 _aمبادئ المحاسبة المالية /
_c مسعد محمود الشرقاوي
260 _aعمان:
_bاثراء للنشر و التوزيع,
_c2009
300 _a632 صفحة؛
_bإيضاحات ؛
_c25 سم
520 _aنظام المحاسبة المالية ، القيد و الترحيل و اعداد ميزان المراجعة ، قيود التسوية و استكمال الدورة المحاسبية ، المحاسبة في المنشآت التجارية و نظام الجرد المستمر ، المحاسبة عن المخزون السلعي و نظام الجرد الدوري ، نظم المعلومات المحاسبية و اليوميات الخاصة في ظل نظامي الجرد المستمر و الجرد الدوري ، المحاسبة عن الاصول الثابتة الملموسة و الموارد الطبيعية و الاصول غير الملموسة ، الرقابة الداخلية و النقدية بالخزينة و البنك و صندوق المصروفات النثرية ، المحاسبة عن العملاء ، عن الاوراق المالية ، عن الالتزامات المتداولة ، عن الالتزامات طويلة الاجل و عن الاستثمارات و أخيرا قائمة التدفقات النقدية.
653 _aالمالية
653 _aالمحاسبة
942 _cكتاب
999 _c43815
_d43815